Myšlením k bohatství pro ženy : použijte svůj potenciál k dosažení úspěchu a smysluplného života /

Hlavní autor: Lechter, Sharon L., 1954-
Jazyk: Čeština
Vydáno: Hodkovičky [Praha] : Pragma, c2015
Témata:
Fyzický popis: 334 s. ; 22 cm
Knihy
Uloženo v:
LEADER 01828nam a2200517 a 4500
001 nkc20152686689
003 CZ PrNK
005 20150428100835.0
007 ta
008 150327s2015 xr e f 000 0 cze
015 |a cnb002686689 
020 |a 978-80-7349-430-8  |q (váz.) 
035 |a (OCoLC)908822331 
040 |a BOA001  |b cze 
041 1 |a cze  |h eng 
072 7 |a 658  |x Řízení a správa podniku  |2 Konspekt  |9 4 
080 |a 316.346.2-055.2  |2 MRF 
080 |a 658.114-055.2  |2 MRF 
080 |a 159.923.5  |2 MRF 
080 |a 331.101.3  |2 MRF 
080 |a 658:17.024.4  |2 MRF 
080 |a (0.062)  |2 MRF 
100 1 |a Lechter, Sharon L.,  |d 1954-  |7 jn20020717680  |4 aut 
245 1 0 |a Myšlením k bohatství pro ženy :  |b použijte svůj potenciál k dosažení úspěchu a smysluplného života /  |c Sharon Lechter ; [překlad Petra Kudrnáčová] 
260 |a Hodkovičky [Praha] :  |b Pragma,  |c c2015 
300 |a 334 s. ;  |c 22 cm 
500 |a Přeloženo z angličtiny 
650 0 7 |a ženy  |7 ph127967  |2 czenas 
650 0 7 |a podnikatelky  |7 ph115869  |2 czenas 
650 0 7 |a rozvoj osobnosti  |7 ph194683  |2 czenas 
650 0 7 |a profesní úspěch  |7 ph124628  |2 czenas 
650 0 7 |a úspěch v podnikání  |7 ph286292  |2 czenas 
650 0 7 |a sebezdokonalování  |7 ph116118  |2 czenas 
650 0 9 |a women  |2 eczenas 
650 0 9 |a businesswomen  |2 eczenas 
650 0 9 |a personality development  |2 eczenas 
650 0 9 |a career success  |2 eczenas 
650 0 9 |a success in business  |2 eczenas 
650 0 9 |a self-actualization  |2 eczenas 
655 7 |a populárně-naučné publikace  |7 fd131864  |2 czenas 
655 9 |a popular works  |2 eczenas 
910 2 |a BOA001  |b 2-1345.373 
990 |a BK 
995 |a 01 
991 |b 201504  |c NOV  |e n 
996 6 |b 2610628600  |c 2-1345.373  |l MZK  |r Sklad / do 1 hodiny  |n 1  |p p.v.  |w 001498962  |u 000010  |a 1  |e BOA001  |j MZK50  |s P